Economics for the common good / (Record no. 47540)

MARC details
000 -LEADER
fixed length control field 00487nam a2200181Ia 4500
005 - DATE AND TIME OF LATEST TRANSACTION
control field 20260122095423.0
008 - FIXED-LENGTH DATA ELEMENTS--GENERAL INFORMATION
fixed length control field 260121s9999||||xx |||||||||||||| ||und||
020 ## - INTERNATIONAL STANDARD BOOK NUMBER
International Standard Book Number 9780691175164
082 ## - DEWEY DECIMAL CLASSIFICATION NUMBER
Classification number 330.1
Item number TIR
100 ## - MAIN ENTRY--PERSONAL NAME
Personal name Tirole, Jean
245 #0 - TITLE STATEMENT
Title Economics for the common good /
260 ## - PUBLICATION, DISTRIBUTION, ETC. (IMPRINT)
Place of publication, distribution, etc New Jersey :
Name of publisher, distributor, etc Princeton University Press,
Date of publication, distribution, etc 2016.
300 ## - PHYSICAL DESCRIPTION
Extent xii, 563 p. ;pbk
650 ## - SUBJECT ADDED ENTRY--TOPICAL TERM
Topical term or geographic name as entry element human flourishing
650 ## - SUBJECT ADDED ENTRY--TOPICAL TERM
Topical term or geographic name as entry element social connection
650 ## - SUBJECT ADDED ENTRY--TOPICAL TERM
Topical term or geographic name as entry element sustainability
942 ## - ADDED ENTRY ELEMENTS (KOHA)
Koha item type Text Books
Holdings
Date last seen Total Checkouts Full call number Barcode Price effective from Koha item type Lost status Damaged status Not for loan Collection code Withdrawn status Home library Current library Shelving location Date acquired Source of acquisition
22/01/2026   330.1 TIR 53205 22/01/2026 Text Books       Non-fiction   CUTN Central Library CUTN Central Library Social Sciences 22/01/2026 T. R. Publications, Chennai - Invoice No. - TRPHO/2024/CRB/370 on 06-03-2025